000 00432nam a22001697a 4500
999 _c7554
_d7554
003 GBCCL
005 20241126110631.0
008 180823b ||||| |||| 00| 0 eng d
040 _cgbc
082 _a954.004954
_bVUM
100 _aVumkhohau
_913358
245 _aHistory of the Zoumi (Chin) race
260 _c1990.
_aLamka:
_bZougam research publications,
300 _a32p. ;
650 _aZomi
_vHistory
_93425
942 _2ddc
_cBK